00431nam a2200169 a 45000010005000000030009000050080041000140400028000550820009000831000026000922450033001182500007001512600045001583000015002034900020002186500023002384226CO-ViMGA141112s2004 ck r 000 u spa d aCO-ViMGAbspacCO-ViMGA04aMADd1 aMadrid - Malo, Mireya10aDoce cuentos para un sueño a2a aSantafé de Bogotá : bEducar, c1995 a118 p : il aEl duende verde14aCUENTOS INFANTILES